| 000 | 02953cam a22005534i 4500 | ||
|---|---|---|---|
| 003 | PE-LiUPU | ||
| 005 | 20250731173435.0 | ||
| 008 | 150710s1868 r 000 0 d | ||
| 035 | _a(Sirsi) a53617 | ||
| 040 |
_aPE-LiUPU _bspa _cPE-LiUPU _erda |
||
| 049 | _aPRUA | ||
| 050 | 0 | 0 |
_aBX6158.9 _b.B38 |
| 082 | 0 | 0 |
_a286.732 092 _bB329 _221 |
| 082 | 0 | 0 |
_a286.732 092 _bB27 _221 |
| 100 | 1 |
_aBates, Joseph, _d1792-1872, _eautor. |
|
| 245 | 1 | 4 |
_aThe autobiography of Elder Joseph Bates embracing a long life on shipboard, with sketches of voyages on the Atlantic and Pacific oceans, the Baltic and Mediterranean seas; also impressment and service on board British war ships, long confinement in Dartmoor prison, early experience in reformatory movements; travels in various parts of the world and a brief account of the great Advent movement of 1840-44 / _cJoseph Bates.=264 \1 _aBattle Creek, Mich. : _bPress of the Seventh-day Adventist Pub. Association, _c1868. |
| 300 |
_a306 páginas ; _c20 centímetros. |
||
| 336 |
_atext _2rdacontent |
||
| 337 |
_aunmediated _2rdamedia |
||
| 338 |
_avolume _2rdacarrier |
||
| 490 | 0 | _aMillerites and early adventists ; section 1, reel 1:4 | |
| 505 | 0 | _aParentage -- Birth -- Residence -- First foreign voyage -- Hurl-gate -- London water for sailors -- Mr. Loyd's Story -- Mr. Moore and his book -- Sea Journal -- Overboard -- Shark. . | |
| 526 | _aSEG42 | ||
| 526 | _aSEG41 | ||
| 526 | _aSEG40 | ||
| 526 | _aSEG39 | ||
| 526 | _aP94 | ||
| 526 | _aP87 | ||
| 526 | _aP86 | ||
| 526 | _aP85 | ||
| 526 | _aP77 | ||
| 526 | _aP76 | ||
| 526 | _aP35 | ||
| 600 | 1 | 4 |
_aBates, Joseph. _d1792-1872 _vBiografía. |
| 910 |
_ajck _bjvq _cjck _d20170509. |
||
| 942 |
_2ddc _cBOOK |
||
| 949 |
_a286.732 092 B.329 _wDEWEY _c1 _i66379 _lCCODEBUL1 _mBUL _p00.00 _r0 _sY _tBOOK _u2015-07-10 _xBIBLIOTECA _PP35 _0COMPRA _o.STAFF. Colección General |
||
| 949 |
_a286.732 092 B.329 _wLC _c1 _i66446 _lCIW _mBUL _p00.00 _r1 _sY _tBOOK _u2016-08-18 _xWHITE _zUNKNOWN _0COMPRA _o.STAFF. Centro White |
||
| 994 |
_aC0 _bPEPRU |
||
| 596 | _a1 4 | ||
| 999 |
_a286.732092 B27 _wDEWEY _c56327 _i75856 _f2021-11-11 _g4 _lCCODEBUL1 _mBUL _p15.00 _r0 _sY _tBOOK _u2017-5-9 _xTEOLOGIA _PP85 _0DONACION _o.STAFF. Colección Teología _d56327 |
||
| 999 |
_a286.732092 B27 _wDEWEY _c2 _i66446 _lUNKNOWN _mBUL _r0 _sY _tBOOK _u2021-5-11 _xTEOLOGIA _zTEOLOGIA |
||
| 999 |
_a286.732092 B27 _wDEWEY _c3 _i66379 _lUNKNOWN _mBUL _r0 _sY _tBOOK _u2021-5-11 _xTEOLOGIA _PP35 _0COMPRA |
||
| 999 |
_a286.732092 B27 _wDEWEY _c1 _iCW66446 _f2021-12-23 _g2 _lCCODECWL1 _mBWL _p20.00 _r0 _sY _tBOOK _u2018-2-6 _xWHITE _zUNKNOWN _0COMPRA _o.STAFF. Centro White |
||
| 999 |
_a286.732 092 B27 _wDEWEY _c1 _iCW66379 _f2021-12-23 _g2 _lCCODECWL1 _mBWL _p24.00 _r1 _sY _tBOOK _u2018-2-6 _xWHITE _zUNKNOWN _0COMPRA _o.STAFF. Centro White |
||
| 980 |
_81 _gALBERTO SANCHEZ Responsable de Automatización |
||